| 000 | 00697nam a2200217 i 4500 | ||
|---|---|---|---|
| 001 | 126190 | ||
| 003 | ES-MaACL | ||
| 005 | 20230906192755.0 | ||
| 007 | t| | ||
| 008 | 070214s1971 fr r ||||1| fre d | ||
| 100 | 1 |
_aRéau, Louis ( _d1881-1961) _995691 |
|
| 245 | 1 | 2 |
_aL'Europe française au siècle des lumières / _cLouis Reau. |
| 260 |
_aParis : _bAlbin Michel, _c1971. |
||
| 300 |
_a438 p. ; _c18 cm. |
||
| 490 | 1 |
_aL'evolution de l'humanité ; _v31 |
|
| 650 | 0 | 4 |
_aIlustración- _zFrancia. _913588 |
| 651 | 4 |
_aEuropa- _xCivilización- _xInfluencia francesa. _9164688 |
|
| 830 | 0 |
_aL'evolution de l'humanité ; _v31 _9181507 |
|
| 852 |
_aES-MaACL _jE-5556 _bR.89813 |
||
| 999 |
_c126190 _d126190 |
||